LEADER 00879nas a2200205 i 4500 001 000000009331 003 CaOOAMICUS 005 20250203101627.0 008 180830c20089999it zx u0 z|ita u 040 $aSeMil$bita 245 00$aATN : Antico e Nuovo Testamento$h[generale di collana]. 264 1$aBrescia :$bMorcelliana,$c2008- 300 $av. ;$c23 cm. 362 0 $a1(2008)- 830 0$aATN : Antico e Nuovo Testamento.$0(OLS)http://semarc/title/12318 850 $aSeMil 852 $aSeMil$W1$xVenegono$y1$mVedi "Titolo uniforme di collana" per le collocazioni dei singoli volumi$j222888$qSottoscrizione meritevole$B252492$CSeMilBibl$Z2$F252492 $81 996 $6245$aATN : Antico e Nuovo Testamento$h[generale di collana]$9(OLS)http://semarc/title/452276 996 $6264$aBrescia :$bMorcelliana$9(OLS)http://semarc/publisher/29629 LEADER 01329nam a2200217 i 4500 001 000000116806 003 CaOOAMICUS 005 20170118000000.0 008 170118s1810 it u000 u ita u 013 $a89495 026 $an-,e I.MA O.I. ++++ (3) 1810 (A) 040 $aSeMil$bita 245 10$aRaccolta di varie lettere scritte a diversi soggetti da Alessandro Astesani parroco di Affori circa li molti pregi di belle arti, di culto, e d'antiquaria che distinguono in Milano la basilica parrocchiale di S. Satiro. 260 $aMilano :$bDalla Tipografia di Francesco Fusi e Comp. nella contrada di S. Margherita n. 1118,$c1810. 300 $a63, [3] p. ;$c8º. 700 1 $aFusi, Francesco$b.$0(OLS)http://semarc/name/11304 700 1 $aAstesani, Alessandro.$0(OLS)http://semarc/name/93083 850 $aSeMil 852 $aSeMil$W1$xVenegono$y1$m3O II 50 FA$j72212$B72212$CSeMilBibl$Z2$F76033 $8I 996 $6245$aRaccolta di varie lettere scritte a diversi soggetti da Alessandro Astesani parroco di Affori circa li molti pregi di belle arti, di culto, e d'antiquaria che distinguono in Milano la basilica parrocchiale di S. Satiro$9(OLS)http://semarc/title/407689 996 $6260$aMilano :$bDalla Tipografia di Francesco Fusi e Comp. nella contrada di S. Margherita n. 1118$9(OLS)http://semarc/publisher/57099